| 000 | 00835nam a2200253Ia 4500 | ||
|---|---|---|---|
| 003 | OSt | ||
| 005 | 20250908165410.0 | ||
| 008 | 221004b |||||||| |||| 00| 0 eng d | ||
| 020 | _a9789004410404 (hbk) | ||
| 037 | _cTB | ||
| 040 |
_aCRL _cCRL _beng |
||
| 041 |
_2eng _aeng |
||
| 084 |
_aQ4:23.2 R0 _qCRL |
||
| 100 |
_aJackson Roger R. Ed. _9595452 |
||
| 245 | 0 | _aMahamudra in India and Tibet | |
| 260 |
_aLeiden _bBrill The Netherlands _c2020 |
||
| 300 |
_aix,340p. _ccm. |
||
| 490 | _aBrill's tibetan studies library | ||
| 650 |
_a RELIGION _9820406 |
||
| 650 |
_aBUDDHISM _9820407 |
||
| 700 |
_a Mathes Klsus - Dieter Ed. _9595453 |
||
| 942 |
_hQ4:23.2 R0 _cTB _2cc _n0 |
||
| 999 |
_c957998 _d957998 |
||